
Library Catalogue

| 000 -LEADER | |
|---|---|
| fixed length control field | 01660nam a22002297a 4500 |
| 003 - CONTROL NUMBER IDENTIFIER | |
| control field | OSt |
| 005 - DATE AND TIME OF LATEST TRANSACTION | |
| control field | 20200901101311.0 |
| 008 - FIXED-LENGTH DATA ELEMENTS--GENERAL INFORMATION | |
| fixed length control field | 190810b2018 ||||| |||| 00| 0 eng |
| 020 ## - INTERNATIONAL STANDARD BOOK NUMBER | |
| International Standard Book Number | 9789386515315 |
| 040 ## - CATALOGING SOURCE | |
| Transcribing agency | nls |
| 041 ## - LANGUAGE CODE | |
| Language code of text/sound track or separate title | English |
| 082 ## - DEWEY DECIMAL CLASSIFICATION NUMBER | |
| Classification number | 345.05 RAT |
| 100 ## - MAIN ENTRY--PERSONAL NAME | |
| Personal name | Ratanlal Ranchhoddas |
| 245 ## - TITLE STATEMENT | |
| Title | The code of criminal procedure |
| 250 ## - EDITION STATEMENT | |
| Edition statement | 21st Ed |
| 260 ## - PUBLICATION, DISTRIBUTION, ETC. | |
| Place of publication, distribution, etc. | Haryana |
| Name of publisher, distributor, etc. | Lexis Nexis |
| Date of publication, distribution, etc. | 2018 |
| 300 ## - PHYSICAL DESCRIPTION | |
| Extent | HB |
| 505 ## - FORMATTED CONTENTS NOTE | |
| Formatted contents note | About this Item<br/><br/>An evergreen classic, this book is amongst the most comprehensive commentaries on the Law of Criminal Procedure in India First published in 1930, this section wise commentary on the Code enjoys the reputation of being one of the most authoritative publications on the subject It adopts an integrated approach and the provisions of the Indian Penal Code, 1860 and the Indian Evidence Act, 1872 are referred to wherever necessary for better understanding of the complex legal issues Technical rules of procedure have been illustrated and explained in a lucid, comprehensive and systematic manner This edition has been extensively and meticulously revised considering the changes brought about by recent legislative amendments as well as judgments of higher courts Latest and notable cases of the Supreme Court as well as various High Courts have been incorporated This edition will be an invaluable reference for judges, lawyers, advanced criminal law students, judicial and police training academies (national and state), police departments, CBI officials, researchers and scholars |
| 600 ## - SUBJECT ADDED ENTRY--PERSONAL NAME | |
| Personal name | Criminal Law - Procedure - India |
| 700 ## - ADDED ENTRY--PERSONAL NAME | |
| Personal name | Dhirajlal Keshavlal Thakore |
| 942 ## - ADDED ENTRY ELEMENTS (KOHA) | |
| Source of classification or shelving scheme | Dewey Decimal Classification |
| Koha item type | BOOKs |
| Withdrawn status | Lost status | Source of classification or shelving scheme | Materials specified (bound volume or other part) | Damaged status | Not for loan | Home library | Current library | Shelving location | Date acquired | Source of acquisition | Cost, normal purchase price | Total Checkouts | Total Renewals | Full call number | Barcode | Date last seen | Date last checked out | Price effective from | Koha item type |
|---|---|---|---|---|---|---|---|---|---|---|---|---|---|---|---|---|---|---|---|
| Dewey Decimal Classification | HB | NLS | NLS | 10/08/2018 | Purchased | 2995.00 | 3 | 1 | 345.05 RAT | 36328 | 09/08/2025 | 25/07/2025 | 10/08/2019 | BOOKs |